Music Quiz

Random Music or Billboard Quiz

6-Letter Songs (A-Z) Quiz Stats

 Plays Quiz Updated Feb 4, 2020

Support Sporcle.
Go Orange.
Score 0/25 Timer 05:00
3 Plays Today
Letter Song % Correct
YYellow
66.7%
IIronic
66.3%
ZZombie
60.4%
KKokomo
59.3%
XXanadu
57.4%
JJeremy
55.8%
MMickey
53.7%
WWhip It
52.8%
PPanama
42.5%
AAlison
39.4%
CCrying
30.1%
LLights
29.1%
SSherry
26.4%
Letter Song % Correct
DDomino
26.1%
UUnwell
24.1%
BBodies
23.3%
HHeroin
17.9%
GGloria
17.2%
VVienna
17.2%
NNadine
15.8%
TTaxman / The End
14.4%
EEchoes
12.7%
OOh Girl
8%
RRegret
6%
FFiesta
3.1%

From the Vault

MLB 50+ Double Seasons

by ZoinksScoob

Sports 15m
A double tends to mean you can really crank out the hits, but you might be lacking in the speed department.
Remove Ads.
Support Sporcle.
Get the best of Sporcle when you Go Orange. This ad-free experience offers more features, more stats, and more fun while also helping to support Sporcle. Thank you for becoming a member.

Show Comments

Extras

Top Quizzes Today


Score Distribution

Your Account Isn't Verified!

In order to create a playlist on Sporcle, you need to verify the email address you used during registration. Go to your Sporcle Settings to finish the process.

Report this User

Report this user for behavior that violates our Community Guidelines.

Details: